Reestructuración urbano regional y nuevos derroteros de la migración en la Región Centro de México: el caso de la ZMCM /
Enregistré dans:
| Auteur principal: | |
|---|---|
| Format: | Texte |
| Sujets: | |
| Tags: |
Ajouter un tag
Pas de tags, Soyez le premier à ajouter un tag!
|
MARC
| LEADER | 00000 a a2200000 04500 | ||
|---|---|---|---|
| 001 | 7603 | ||
| 003 | |||
| 040 | |||
| 100 | |a Pérez Campuzano, Enrique | ||
| 245 | |a Reestructuración urbano regional y nuevos derroteros de la migración en la Región Centro de México: el caso de la ZMCM / |c Enrique Pérez Campuzano | ||
| 650 | |a MIGRACION RURAL URBANA | ||
| 650 | |a VIVIENDA | ||
| 650 | |a EMPLEO | ||
| 650 | |a URBANIZACION | ||
| 650 | |a ANALISIS ESPACIAL | ||
| 650 | |a MEXICO | ||
| 650 | |a MIGRACION | ||
| 650 | |a POBLACION | ||
| 650 | |a EMPLEO | ||
| 773 | |g volumen 21, número 2 (62); páginas 331-367 | ||
| 999 | |c 36778 |d 36778 | ||
